[Event "XV MIEDZYNARODOWY FESTIWAL SZACHOWY PERLA BALTYKU - GRUPA A"]
[Site "LAZY"]
[Date "1899-12-30"]
[Round "9.12"]
[White "Morczynski, Joachim"]
[Black "Gorkiewicz, Mateusz"]
[Result "1-0"]
[WhiteTitle "III"]
[BlackTitle "I"]
[WhiteElo "1733"]
[BlackElo "1985"]

1. e4 e5 2. Nc3 Nf6 3. f4 d5 4. fxe5 Nxe4 5. Nf3 Bc5 6. d4 Bb4 7. Bd3 Nxc3 8. bxc3
Bxc3+ 9. Bd2 Bxa1 10. Qxa1 O-O 11. O-O Be6 12. Qe1 h6 13. Qg3 Kh8 14. Nh4 Nc6
15. Bxh6 g6 16. Nxg6+ fxg6 17. Rxf8+ Qxf8 18. Bxf8 Rxf8 19. Qxg6 1-0

[Event "XV MIEDZYNARODOWY FESTIWAL SZACHOWY PERLA BALTYKU - GRUPA A"]
[Site "LAZY"]
[Date "1899-12-30"]
[Round "9.13"]
[White "Majewski, Krzysztof"]
[Black "Babiarz, Arkadiusz"]
[Result "1-0"]
[WhiteTitle "II+"]
[BlackTitle "I++"]
[WhiteElo "1727"]
[BlackElo "1833"]

1. e4 c5 2. c4 Nc6 3. Nc3 e6 4. g3 g6 5. Bg2 Bg7 6. Nge2 Nge7 7. d3 d6 8. O-O O-O
9. f4 a6 10. Rb1 b5 11. b3 Qb6 12. Bb2 Bb7 13. g4 Nd4 14. Nxd4 Bxd4+ 15. Kh1 Rad8
16. f5 exf5 17. gxf5 gxf5 18. Nd5 Nxd5 19. exd5 f6 20. Bxd4 cxd4 21. Rxf5 Bc8
22. Rf4 Rde8 23. Qh5 Re7 24. Rbf1 Qc7 25. Rxd4 Re5 26. Qf3 Bf5 27. Rf4 Bg6 28.
Rxf6 Rf5 29. Rxf5 Rxf5 30. Qe2 Re5 31. Qg4 Qg7 32. d4 Re8 33. c5 Qc7 34. c6 Qa5
35. Qd7 Qxa2 36. c7 Qc2 37. Qxd6 Qxb3 38. c8=Q Rxc8 39. Qe6+ 1-0

[Event "XV MIEDZYNARODOWY FESTIWAL SZACHOWY PERLA BALTYKU - GRUPA A"]
[Site "LAZY"]
[Date "1899-12-30"]
[Round "9.14"]
[White "Sloniewski, Michal"]
[Black "Rogala, Milosz"]
[Result "1-0"]
[WhiteTitle "I"]
[BlackTitle "II"]
[WhiteElo "1744"]
[BlackElo "1791"]

1. d4 d5 2. c4 c6 3. Nf3 Nf6 4. Qc2 g6 5. g3 Bg7 6. Bg2 O-O 7. O-O a6 8. e3 Bf5
9. Qe2 Bxb1 10. Rxb1 Ne4 11. Nd2 f5 12. Nxe4 fxe4 13. f3 exf3 14. Rxf3 e6 15.
Rxf8+ Qxf8 16. Bh3 Qe7 17. Qg4 Kf7 18. Bd2 h5 19. Rf1+ Bf6 20. Qf4 Kg7 21. Bb4
Qf7 22. Qd6 dxc4 23. Bxe6 Qe8 24. Rxf6 Kxf6 25. Bd7+ Kg7 26. Bxe8 1-0

[Event "XV MIEDZYNARODOWY FESTIWAL SZACHOWY PERLA BALTYKU - GRUPA A"]
[Site "LAZY"]
[Date "1899-12-30"]
[Round "9.15"]
[White "Siekanska, Zuzanna"]
[Black "Sypien, Natan"]
[Result "1/2-1/2"]
[WhiteTitle "I"]
[BlackTitle "I"]
[WhiteElo "1582"]
[BlackElo "1769"]

1. d4 Nf6 2. c4 e6 3. Nf3 b6 4. a3 Bb7 5. Nc3 Be7 6. d5 O-O 7. e4 exd5 8. cxd5
d6 9. Bd3 c5 10. O-O Nbd7 11. Bc2 Re8 12. Nd2 a6 13. f4 b5 14. Nf3 b4 15. axb4
cxb4 16. Ne2 Bf8 17. Ng3 Qb6+ 18. Kh1 Rac8 19. Nd4 Nc5 20. Re1 1/2-1/2

[Event "XV MIEDZYNARODOWY FESTIWAL SZACHOWY PERLA BALTYKU - GRUPA A"]
[Site "LAZY"]
[Date "1899-12-30"]
[Round "9.16"]
[White "Majocha, Piotr"]
[Black "Kruczynski, Marek"]
[Result "1-0"]
[WhiteTitle "I++"]
[BlackTitle "I"]
[WhiteElo "2005"]
[BlackElo "1744"]

1. Nf3 Nf6 2. c4 d6 3. d4 Nbd7 4. Nc3 a6 5. e4 e5 6. d5 Be7 7. h3 O-O 8. Be3 Re8
9. Be2 Nf8 10. b4 Bd7 11. Rc1 Ng6 12. O-O b6 13. Bd3 a5 14. a3 axb4 15. axb4 Bf8
16. Re1 h6 17. Nd2 Nh7 18. Nb3 Qh4 19. Qf3 Ra3 20. Bc2 Nf6 21. Ra1 Rea8 22. Qg3
Nh5 23. Qxh4 Nxh4 24. Rxa3 Rxa3 25. Ra1 Rxa1+ 26. Nxa1 g5 27. Nb3 Ng7 28. f3 Ng6
29. Nd2 Ne8 30. Ba4 Bxa4 31. Nxa4 Be7 32. c5 bxc5 33. bxc5 Nf8 34. c6 Bd8 35.
Nc3 f6 36. Nb5 Kf7 37. Nc4 Ke7 38. Nb2 Ng6 39. Nd3 Nh8 40. Nb4 Nf7 41. Na6 Kf8
42. Bd2 Ke7 43. Ba5 h5 44. Bxc7 Nxc7 45. Naxc7 Bxc7 46. Nxc7 Kd8 47. Ne6+ Kc8
48. Ng7 Nh8 49. Nxh5 1-0

[Event "XV MIEDZYNARODOWY FESTIWAL SZACHOWY PERLA BALTYKU - GRUPA A"]
[Site "LAZY"]
[Date "1899-12-30"]
[Round "9.17"]
[White "Straszewski, Tomasz"]
[Black "Puksza, Andrzej"]
[Result "0-1"]
[WhiteTitle "I"]
[BlackTitle "I"]
[WhiteElo "1674"]
[BlackElo "1973"]

1. e4 a6 2. d4 e6 3. c4 c5 4. Nf3 cxd4 5. Nxd4 Nc6 6. Nc3 Bc5 7. Nb3 Bb4 8. Bd2
Nf6 9. Qc2 O-O 10. Be2 d5 11. exd5 exd5 12. cxd5 Nxd5 13. O-O Nxc3 14. Bxc3 Bxc3
15. Qxc3 Qg5 16. f4 Qd8 17. Bf3 Qb6+ 18. Kh1 Be6 19. Nc5 Rac8 20. f5 Bxf5 21.
Bxc6 Bg4 22. Bxb7 Rxc5 23. Qd4 Be2 24. Rfe1 Bb5 25. b4 Rc6 26. Qxb6 Rxb6 27. Bd5
Rd6 28. Bb3 Rd2 29. Rac1 g6 30. Rc7 Rd4 31. Ree7 Rf4 32. h3 g5 33. Kh2 Bd3 34.
Kg3 Bg6 35. Rc4 Rf6 36. Ra7 Rb8 37. a3 Rd8 38. Rc3 Rd2 39. Ba4 Be4 40. h4 Rxg2+
0-1

[Event "XV MIEDZYNARODOWY FESTIWAL SZACHOWY PERLA BALTYKU - GRUPA A"]
[Site "LAZY"]
[Date "1899-12-30"]
[Round "9.18"]
[White "Ulrych, Wojciech"]
[Black "Wojtowicz, Wojciech"]
[Result "0-1"]
[WhiteTitle "I++"]
[BlackTitle "II"]
[WhiteElo "1870"]
[BlackElo "1683"]

1. e4 c5 2. Nc3 Nc6 3. g3 g6 4. Bg2 Bg7 5. d3 d6 6. Nge2 Nf6 7. O-O O-O 8. h3 e6
9. Be3 Rb8 10. f4 Ne7 11. g4 b5 12. Ng3 b4 13. Nce2 Ne8 14. c3 f5 15. d4 Qc7 16.
Qd2 Qa5 17. dxc5 bxc3 18. bxc3 dxc5 19. gxf5 gxf5 20. Nh5 Ba6 21. e5 Rd8 22. Qe1
Ng6 23. Rf3 Rf7 24. Nxg7 Rxg7 25. Bf2 Nc7 26. Nc1 c4 27. Ne2 Bb7 28. Rg3 Bxg2
29. Rxg2 Rd3 30. Qb1 Nb5 31. Nd4 Nxd4 32. Qb8+ Nf8 33. Rxg7+ Kxg7 34. Qb7+ Kh6
35. Bxd4 Rxh3 36. Qg2 Rh5 37. Qg8 Ng6 38. Qxe6 Qb5 39. Re1 Qb7 40. Bc5 Qh1+ 41.
Kf2 Rh2+ 42. Ke3 Qxe1+ 43. Kd4 Qe4# 0-1

[Event "XV MIEDZYNARODOWY FESTIWAL SZACHOWY PERLA BALTYKU - GRUPA A"]
[Site "LAZY"]
[Date "1899-12-30"]
[Round "9.19"]
[White "Szydelko, Michal"]
[Black "Plocica, Krzysztof"]
[Result "1/2-1/2"]
[WhiteTitle "I"]
[BlackTitle "I"]
[WhiteElo "1843"]
[BlackElo "1656"]

1. e4 e5 2. Nf3 Nf6 3. Nxe5 d6 4. Nf3 Nxe4 5. Nc3 Nxc3 6. dxc3 Be7 7. Be3 Bg4 8.
Qd2 Nc6 9. Nd4 O-O 10. f3 Bh5 11. O-O-O Nxd4 12. cxd4 d5 13. Bf4 c6 14. Qf2 Bg6
15. Bd3 b5 16. h4 h5 17. Bxg6 fxg6 18. Be5 Qd7 19. Qg3 Kh7 20. Rde1 Rac8 21. Qf2
c5 22. dxc5 Rxc5 23. Kb1 Rfc8 24. c3 Rc4 25. Bd4 Bf6 26. Rd1 b4 27. Bxf6 gxf6
28. cxb4 Rxb4 29. Qd2 Rcb8 30. b3 d4 31. Qd3 a5 32. Rd2 a4 33. Rb2 Qe6 34. Rc1
axb3 35. Rc7+ Kh6 36. a3 Ra4 37. Re2 Qf5 38. Qxf5 gxf5 39. Ree7 Rg8 40. Rh7+ Kg6
41. Kb2 d3 42. Rhd7 1/2-1/2

[Event "XV MIEDZYNARODOWY FESTIWAL SZACHOWY PERLA BALTYKU - GRUPA A"]
[Site "LAZY"]
[Date "1899-12-30"]
[Round "9.20"]
[White "Lazniewski, Tadeusz"]
[Black "Starosta, Martyna"]
[Result "0-1"]
[WhiteTitle "II+"]
[BlackTitle "WCM"]
[WhiteElo "1518"]
[BlackElo "1841"]

1. e4 e5 2. Nf3 Nc6 3. Bc4 Bc5 4. c3 Nf6 5. d3 a6 6. O-O Ba7 7. Bb3 d6 8. h3 h6
9. Re1 g5 10. d4 g4 11. hxg4 Bxg4 12. d5 Ne7 13. Be3 Bxe3 14. Rxe3 Ng6 15. Nbd2
Nf4 16. Bc4 Rg8 17. g3 Qd7 18. Bf1 O-O-O 19. c4 Bh3 20. Rb3 N6h5 21. Nh4 Bxf1
22. Kxf1 Qh3+ 23. Ke1 Qh1+ 24. Nf1 Qxe4+ 25. Ne3 Nxg3 26. Qf3 Qxf3 27. Nxf3 Ne4
28. Nf5 Kd7 29. Rxb7 Nc5 30. Ra7 e4 31. Nd2 Rg1+ 32. Nf1 Nfd3+ 33. Ke2 Nxb2 0-1

[Event "XV MIEDZYNARODOWY FESTIWAL SZACHOWY PERLA BALTYKU - GRUPA A"]
[Site "LAZY"]
[Date "1899-12-30"]
[Round "9.21"]
[White "Szydelko, Kazimierz"]
[Black "Kusiak, Mateusz"]
[Result "1-0"]
[WhiteTitle "I"]
[BlackTitle "I"]
[WhiteElo "1699"]
[BlackElo "1514"]

1. Nf3 Nf6 2. d4 g6 3. c4 Bg7 4. g3 O-O 5. Bg2 e6 6. O-O c5 7. Nc3 d5 8. cxd5 Nxd5
9. Nxd5 Qxd5 10. dxc5 Qxc5 11. Be3 Qe7 12. Qc2 Nc6 13. Bc5 Qc7 14. Bxf8 Kxf8 15.
Rfd1 e5 16. Ng5 h6 17. Ne4 Kg8 18. Rac1 Bf5 19. Qc5 Be6 20. b4 Qb6 21. a3 Nd4
22. Qxb6 axb6 23. Rc7 Rxa3 24. e3 Bb3 25. Rf1 Nc6 26. b5 Na5 27. Nd6 Bf8 28. Rc8
Be6 29. Rd8 Kg7 30. Ne8+ Kg8 31. Nc7 Bc4 32. Rfd1 Kg7 33. Ne8+ Kh7 34. Bd5 Bc5
35. Bxc4 Nxc4 36. R1d7 g5 37. Rxf7+ Kg6 38. Rf6+ Kh5 39. Ng7+ Kg4 40. f3+ Kh3
41. Rxh6# 1-0

[Event "XV MIEDZYNARODOWY FESTIWAL SZACHOWY PERLA BALTYKU - GRUPA A"]
[Site "LAZY"]
[Date "1899-12-30"]
[Round "9.22"]
[White "Sloniewska, Alicja"]
[Black "Jankowski, Igor"]
[Result "1-0"]
[WhiteTitle "I"]
[BlackTitle "II+"]
[WhiteElo "1531"]
[BlackElo "1662"]

1. d4 e6 2. c4 f5 3. Nc3 Nf6 4. Nf3 c6 5. Bf4 d5 6. e3 Be7 7. Bd3 O-O 8. O-O Bd7
9. Ne5 Be8 10. Rb1 Nbd7 11. b4 Ne4 12. Qc2 g5 13. Nxd7 Qxd7 14. Be5 Bg6 15. f3
Nxc3 16. Qxc3 Qe8 17. c5 h5 18. Qc2 Kh7 19. b5 Rg8 20. bxc6 bxc6 21. Rb7 Kh6 22.
Rfb1 g4 23. f4 Bd8 24. Qa4 a5 25. a3 g3 26. h3 h4 27. Rb8 Rxb8 28. Rxb8 Qd7 29.
Qb3 a4 30. Qxa4 Be8 31. Qb4 Bh5 32. Qb2 Qa7 33. Bf6 Qa5 34. Qc1 Re8 35. Rxd8 Rxd8
36. Bxd8 Qxd8 37. Qb2 Qa5 38. Qb4 Qa7 39. a4 Be8 40. a5 Bd7 41. Qb6 Qa8 42. a6
Qe8 43. Be2 1-0

[Event "XV MIEDZYNARODOWY FESTIWAL SZACHOWY PERLA BALTYKU - GRUPA A"]
[Site "LAZY"]
[Date "1899-12-30"]
[Round "9.23"]
[White "Pyzio, Amelia"]
[Black "Smietanska, Wiktoria"]
[Result "0-1"]
[WhiteTitle "I++"]
[BlackTitle "CM"]
[WhiteElo "1616"]
[BlackElo "1595"]

1. e4 c6 2. d4 d5 3. exd5 cxd5 4. c4 Nf6 5. Nc3 g6 6. Be3 Bg7 7. Nf3 O-O 8. Be2
b6 9. O-O Bb7 10. Rc1 Na6 11. Ne5 Nc7 12. Bf3 Rc8 13. Re1 Nd7 14. Bf4 Ne6 15.
Bg3 Nxe5 16. Bxe5 Rxc4 17. Nb5 Rxc1 18. Qxc1 Qd7 19. a4 a6 20. Nc3 Nxd4 21. Bxg7
Nxf3+ 22. gxf3 Kxg7 23. Qd2 d4 24. b3 Bxf3 25. Qf4 Qh3 0-1

[Event "XV MIEDZYNARODOWY FESTIWAL SZACHOWY PERLA BALTYKU - GRUPA A"]
[Site "LAZY"]
[Date "1899-12-30"]
[Round "9.24"]
[White "Sowinski, Pawel"]
[Black "Bochenek, Ryszard"]
[Result "1-0"]
[WhiteTitle "I+"]
[BlackTitle "II"]
[WhiteElo "1644"]
[BlackElo "1358"]

1. e4 e6 2. d4 d5 3. exd5 exd5 4. Bd3 Bd6 5. Nf3 c6 6. O-O Ne7 7. c3 O-O 8. Bg5
f6 9. Bh4 Nf5 10. Bg3 Re8 11. Qc2 g6 12. Nbd2 Nxg3 13. hxg3 f5 14. Rae1 Nd7 15.
c4 Nf6 16. cxd5 cxd5 17. Qb3 b6 18. Ne5 Bxe5 19. dxe5 Ne4 20. Bxe4 fxe4 21. Rxe4
Ba6 22. Rfe1 Bc4 23. Nxc4 dxc4 24. Qxc4+ Kg7 25. e6 Rc8 26. Qd4+ Qxd4 27. Rxd4
Rc7 28. Re3 Rce7 29. Kf1 Rxe6 30. Rxe6 Rxe6 31. Rd7+ Kh6 32. Rxa7 Rc6 33. b3 Rc1+
34. Ke2 Rc2+ 35. Kf3 Rc3+ 36. Kg4 Rc2 37. f4 Rxg2 38. Kh3 Rf2 39. Rb7 Rxa2 40.
g4 g5 41. Rxb6+ Kg7 42. f5 Rc2 43. b4 Rc3+ 44. Kg2 Rc4 45. Kf3 Rc3+ 46. Ke4 Rg3
47. Ke5 Rxg4 48. Rb7+ Kf8 49. Kf6 Ke8 50. Kg7 1-0